[Event "China zt 3.5 2014"]
[Site "Zhongshan CHN"]
[Date "2014.10.27"]
[Round "2.21"]
[White "Li, Di"]
[Black "Shen, Chenyi"]
[Result "1-0"]
[WhiteTitle "FM"]
[WhiteElo "2189"]
[BlackElo "2066"]
[WhiteFideId "8607508"]
[BlackFideId "8609071"]
[EventDate "2014.10.26"]

1. c4 Nf6 2. g3 e6 3. Bg2 d5 4. Nf3 c5 5. O-O Nc6 6. d4 dxc4 7. dxc5 Qxd1 8.
Rxd1 Bxc5 9. Nbd2 c3 10. bxc3 O-O 11. Ne1 Be7 12. Nd3 Bd7 13. Nb3 b6 14. a4 Rac8
15. Bd2 Ne8 16. Bf4 g5 17. Ne1 gxf4 18. Rxd7 Bf6 19. gxf4 Na5 20. Nxa5 bxa5 21.
Nd3 Rxc3 22. Rb1 Rc4 23. Rbb7 Rxa4 24. Bf3 Rd4 25. Rxa7 Rxd7 26. Rxd7 Bc3 27.
Ne5 Nf6 28. Ra7 Ne8 29. Nd7 Nd6 30. Nxf8 Kxf8 31. Bh5 Bb4 32. Kg2 Kg7 33. e3 Nb5
34. Rxf7+ Kh6 35. Be2 1-0

[Event "China zt 3.5 2014"]
[Site "Zhongshan CHN"]
[Date "2014.10.27"]
[Round "2.22"]
[White "Yang, Yanqing"]
[Black "Zhang, Ziji"]
[Result "0-1"]
[WhiteElo "1992"]
[BlackElo "2190"]
[WhiteFideId "8613575"]
[BlackFideId "8609470"]
[EventDate "2014.10.26"]

1. e4 c5 2. Nf3 d6 3. d4 cxd4 4. Nxd4 Nf6 5. Nc3 g6 6. Bc4 Bg7 7. Bb3 O-O 8. f3
Nc6 9. Be3 Bd7 10. Qd2 Rc8 11. O-O-O Ne5 12. h4 h5 13. Bg5 Rc5 14. g4 hxg4 15.
h5 Nxh5 16. f4 Nc4 17. Qd3 Rxg5 18. fxg5 Ne5 19. Qe3 e6 20. Ndb5 Bxb5 21. Nxb5
Nf3 22. Nxd6 Qxg5 23. Qxg5 Nxg5 24. Rhg1 g3 25. Rd3 Be5 26. Nc4 Bf4+ 27. Kb1
Nxe4 28. Rd4 Nc5 29. Rf1 b5 30. Rdxf4 g2 31. Ne3 Nxf4 32. Rg1 Nxb3 33. axb3 f5
34. Nxg2 Nxg2 35. Rxg2 Kg7 36. c4 bxc4 37. bxc4 f4 38. c5 f3 39. Rf2 g5 40. c6
g4 41. c7 Rc8 0-1

[Event "China zt 3.5 2014"]
[Site "Zhongshan CHN"]
[Date "2014.10.27"]
[Round "2.23"]
[White "Yu, Xiangbo"]
[Black "Yan, Xuesong"]
[Result "0-1"]
[WhiteElo "2149"]
[BlackElo "1900"]
[WhiteFideId "8603782"]
[BlackFideId "8609764"]
[EventDate "2014.10.26"]

1. d4 Nf6 2. c4 e6 3. Nf3 d5 4. Nc3 Bb4 5. e3 O-O 6. Bd2 b6 7. cxd5 exd5 8. Be2
Bb7 9. O-O Nbd7 10. Rc1 a6 11. Qc2 Qe7 12. Rfd1 Rfe8 13. h3 Bd6 14. Be1 Nf8 15.
a3 Ng6 16. Bf1 Rac8 17. Qb3 Rb8 18. Na2 c5 19. Qxb6 c4 20. Bb4 Red8 21. Bxd6
Rxd6 22. Qb4 Qd8 23. Qc3 Rb6 24. Nd2 Bc6 25. Rb1 Ba4 26. Re1 Qe7 27. e4 Nxe4 28.
Nxe4 dxe4 29. Bxc4 Qb7 30. b4 Nh4 31. d5 Rg6 32. Rxe4 Rxg2+ 33. Kf1 Qb6 34. Qe3
Qg6 35. Qd3 Bd7 36. Rbe1 Rg1+ 37. Ke2 Rxe1+ 38. Kxe1 Bf5 39. f3 Qg2 40. Nc3
Nxf3+ 41. Kd1 Bxe4 42. Nxe4 Re8 43. Kc1 Ne5 44. Qe3 Nxc4 45. Nf6+ gxf6 46. Qxe8+
Kg7 47. Qe1 Qb2+ 48. Kd1 Qb1+ 49. Ke2 Qxe1+ 50. Kxe1 Nxa3 51. Kd2 Kf8 52. Kc3
Ke7 53. Kb3 Nb5 54. Ka4 Kd6 55. Ka5 Nc7 56. Kb6 Nxd5+ 57. Kxa6 Nxb4+ 58. Kb5 Nd5
59. Kc4 Ke5 60. h4 h5 61. Kd3 Nf4+ 62. Ke3 Ng6 0-1

[Event "China zt 3.5 2014"]
[Site "Zhongshan CHN"]
[Date "2014.10.27"]
[Round "2.24"]
[White "Xu, Minghui"]
[Black "Wang, Jiaqi"]
[Result "1/2-1/2"]
[WhiteElo "2140"]
[BlackElo "1844"]
[WhiteFideId "8606790"]
[BlackFideId "8609128"]
[EventDate "2014.10.26"]

1. d4 Nf6 2. c4 g6 3. Nc3 Bg7 4. e4 d6 5. Nf3 O-O 6. h3 e5 7. d5 a5 8. g4 Na6 9.
Be3 Bd7 10. Nd2 Ne8 11. Be2 f5 12. gxf5 gxf5 13. exf5 Bxf5 14. Nde4 Nf6 15. Bf3
Kh8 16. Qe2 b6 17. O-O-O Nc5 18. Bg5 Qd7 19. Bxf6 Bxf6 20. h4 Bg7 21. Rdg1 Bh6+
22. Kb1 Qf7 23. Rg2 Rg8 24. Rhg1 Rxg2 25. Rxg2 Rf8 26. Ka1 Bg6 27. Nxc5 bxc5 28.
Be4 Bh5 29. Qd3 Rg8 30. Rxg8+ Kxg8 31. Bf5 Kg7 32. Qg3+ Kf6 33. Bg4 Ke7 34. Bxh5
Qxh5 35. a3 Qf5 36. f3 Qc2 37. Qg8 Bd2 38. Nb1 Bc1 39. Qb8 Kf6 40. Nc3 Kf5 41.
Qf8+ Kg6 42. Qg8+ Kh6 43. Qe6+ Kh5 44. Qg4+ Kh6 1/2-1/2

[Event "China zt 3.5 2014"]
[Site "Zhongshan CHN"]
[Date "2014.10.27"]
[Round "2.25"]
[White "Yu, Kaifeng"]
[Black "Zhou, Xiangheng"]
[Result "1-0"]
[WhiteTitle "FM"]
[WhiteElo "2123"]
[BlackElo "1682"]
[WhiteFideId "8609667"]
[BlackFideId "8607907"]
[EventDate "2014.10.26"]

1. d4 d5 2. c4 c6 3. e3 Nf6 4. Nc3 e6 5. Nf3 a6 6. Bd3 Nbd7 7. Qc2 dxc4 8. Bxc4
b5 9. Be2 c5 10. dxc5 Nxc5 11. b4 Ncd7 12. Qb3 Qe7 13. a3 g6 14. Bb2 Bg7 15. O-O
Bb7 16. a4 bxa4 17. Rxa4 Nb6 18. Ra5 O-O 19. Rfa1 Nbd5 20. b5 axb5 21. Nxb5 Rxa5
22. Rxa5 Ra8 23. Ba3 Qd8 24. Rxa8 Qxa8 25. Nd6 Bc6 26. Ne5 Ba4 27. Qd3 Nd7 28.
Nexf7 Qc6 29. Nd8 Ne5 30. Nxc6 Nxd3 31. Nd8 Ne5 32. Nxe6 Nc3 33. Bf1 Bf6 34. Nc5
Bc6 35. Bb2 Nd5 36. Bd4 Ng4 37. Bxf6 Ngxf6 38. e4 Nb6 39. f3 Kf8 40. Kf2 Ke7 41.
Nc4 Nxc4 42. Bxc4 Kd6 43. Nd3 Nd7 44. Ke3 Nb6 45. Bg8 h6 46. h4 g5 47. hxg5 hxg5
48. e5+ Ke7 49. Kd4 Nd7 50. Nb4 Bb7 51. Nd5+ Bxd5 52. Bxd5 Nb6 53. Bb3 Nd7 54.
g3 Nf8 55. Ke4 1-0

[Event "China zt 3.5 2014"]
[Site "Zhongshan CHN"]
[Date "2014.10.27"]
[Round "2.27"]
[White "Teng, Jiarong"]
[Black "Luanchen, Yuantai"]
[Result "1-0"]
[WhiteElo "2092"]
[BlackElo "1510"]
[WhiteFideId "8609977"]
[BlackFideId "8614644"]
[EventDate "2014.10.26"]

1. e4 c5 2. Nf3 d6 3. d4 cxd4 4. Nxd4 Nf6 5. Nc3 g6 6. Be2 Bg7 7. Be3 O-O 8. g4
d5 9. e5 Ne4 10. f4 Nxc3 11. bxc3 Nc6 12. O-O f6 13. exf6 exf6 14. Bf3 Nxd4 15.
Qxd4 Bxg4 16. Qxd5+ Qxd5 17. Bxd5+ Kh8 18. Bxb7 Rae8 19. Rae1 Rb8 20. Bd5 f5 21.
Bd4 Rfd8 22. Bxg7+ Kxg7 23. Re7+ Kh6 24. c4 Rb2 25. Rxa7 Rxc2 26. Rf2 Rc1+ 27.
Kg2 Re8 28. h3 Be2 29. Bf7 1-0

[Event "China zt 3.5 2014"]
[Site "Zhongshan CHN"]
[Date "2014.10.28"]
[Round "3.2"]
[White "Lei, Tingjie"]
[Black "Zhou, Jianchao"]
[Result "1/2-1/2"]
[WhiteTitle "WGM"]
[BlackTitle "GM"]
[WhiteElo "2421"]
[BlackElo "2580"]
[WhiteFideId "8605114"]
[BlackFideId "8603537"]
[EventDate "2014.10.26"]

1. d4 Nf6 2. c4 e6 3. g3 Bb4+ 4. Bd2 Qe7 5. Nf3 Nc6 6. Nc3 Bxc3 7. Bxc3 Ne4 8.
Rc1 O-O 9. Bg2 d6 10. O-O Nxc3 11. Rxc3 e5 12. d5 Nb8 13. Nd2 Nd7 14. b4 b6 15.
Nb3 a5 16. a3 axb4 17. axb4 Nf6 18. Qc2 Bd7 19. Nd2 Ra4 20. Rb1 Rfa8 21. Qd3 g6
22. e4 c5 23. Rcb3 Qd8 24. bxc5 bxc5 25. Rb7 Ra3 26. R1b3 Ra1+ 27. Nf1 Kg7 28.
Qc3 Rd1 29. Rb1 Rxb1 30. Rxb1 Rb8 1/2-1/2

[Event "China zt 3.5 2014"]
[Site "Zhongshan CHN"]
[Date "2014.10.28"]
[Round "3.3"]
[White "Zhao, Jun"]
[Black "Wu, Xibin"]
[Result "1-0"]
[WhiteTitle "GM"]
[BlackTitle "IM"]
[WhiteElo "2578"]
[BlackElo "2278"]
[WhiteFideId "8602522"]
[BlackFideId "8600309"]
[EventDate "2014.10.26"]

1. e4 c6 2. d4 d5 3. Nc3 dxe4 4. Nxe4 Nd7 5. Bc4 Ngf6 6. Nxf6+ Nxf6 7. c3 e6 8.
Nf3 c5 9. O-O Be7 10. Qe2 O-O 11. dxc5 Bxc5 12. Bf4 Bd7 13. Ne5 Bc6 14. Rad1 Qb6
15. Bd3 a5 16. a3 Rac8 17. b4 axb4 18. axb4 Be7 19. Nc4 Qb5 20. Nd6 Qb6 21. Nxc8
Rxc8 22. Be5 Ba4 23. Ra1 Be8 24. Ra3 Nd5 25. Qe4 g6 26. Qd4 Qd8 27. Be4 Bc6 28.
Rd1 Qf8 29. Bxd5 Bxd5 30. Qe3 f6 31. Bd4 Qe8 32. f3 Qc6 33. Rda1 Qe8 34. Ra5 Bc4
35. Bc5 Bd8 36. Ra8 Bc7 37. Rxc8 Qxc8 38. Bb6 Bd6 39. Qd4 Be5 40. Qd2 g5 41. Bd4
Bf4 42. Be3 Bc7 43. Qd4 Be5 44. Qc5 Qxc5 45. Bxc5 Kf7 46. Ra7 1-0

[Event "China zt 3.5 2014"]
[Site "Zhongshan CHN"]
[Date "2014.10.28"]
[Round "3.4"]
[White "Bu, Xiangzhi"]
[Black "Fang, Yuxiang"]
[Result "1-0"]
[WhiteTitle "GM"]
[WhiteElo "2710"]
[BlackElo "2325"]
[WhiteFideId "8601445"]
[BlackFideId "8605840"]
[EventDate "2014.10.26"]

1. Nf3 Nf6 2. c4 c6 3. Nc3 d5 4. e3 a6 5. Qc2 g6 6. d4 Bg7 7. Bd3 O-O 8. Bd2 b5
9. b3 Nbd7 10. O-O Bb7 11. e4 bxc4 12. bxc4 dxe4 13. Bxe4 Nxe4 14. Qxe4 e5 15.
dxe5 Nxe5 16. Rad1 Nxf3+ 17. Qxf3 Qh4 18. c5 Bc8 19. Ne4 Be6 20. Bg5 Qg4 21.
Nf6+ Bxf6 22. Qxf6 Qf5 23. Qxf5 Bxf5 24. Rfe1 f6 25. Bf4 Rfe8 26. f3 Kf7 27.
Rxe8 Rxe8 28. Kf2 Re7 29. Rd6 Re6 30. Rd2 Re7 31. g4 Be6 32. Rb2 Bc4 33. Bd6 Rd7
34. a4 Ke6 35. Ke3 g5 36. f4 gxf4+ 37. Kxf4 Rg7 38. Rb1 Kd5 39. Rd1+ Ke6 40.
Re1+ Kd5 41. Be7 Rg6 42. h4 h5 43. gxh5 Rh6 44. Kg4 a5 45. Bf8 Rh7 46. h6 f5+
47. Kf4 Bb3 48. Re7 Rh8 49. Bg7 Rh7 50. Re5+ Kc4 51. Kxf5 Bc2+ 52. Ke6 Kb4 53.
Kd6 Bxa4 54. Re4+ Kb5 55. Rxa4 Kxa4 56. Kxc6 1-0

[Event "China zt 3.5 2014"]
[Site "Zhongshan CHN"]
[Date "2014.10.28"]
[Round "3.5"]
[White "Gao, Rui"]
[Black "Xu, Yinglun"]
[Result "1/2-1/2"]
[WhiteTitle "GM"]
[WhiteElo "2523"]
[BlackElo "2410"]
[WhiteFideId "8602387"]
[BlackFideId "8604940"]
[EventDate "2014.10.26"]

1. e4 c5 2. Nc3 Nc6 3. Nf3 e6 4. d4 cxd4 5. Nxd4 d6 6. Bc4 Bd7 7. Be3 a6 8. O-O
Nf6 9. Bb3 b5 10. a3 Be7 11. f4 O-O 12. f5 e5 13. Nxc6 Bxc6 14. Bg5 Nxe4 15.
Bxe7 Qxe7 16. Nxe4 Bxe4 17. Qg4 d5 18. f6 Qc5+ 19. Kh1 Bg6 20. h4 h5 21. Qg5
Rfe8 22. Rad1 Rad8 23. fxg7 Kxg7 24. Rxf7+ Kxf7 25. Rf1+ Ke6 26. Qxg6+ Kd7 27.
Rf7+ Re7 28. Qf5+ Kc6 29. Qf6+ Kd7 30. Qf5+ Kc6 31. Qf6+ 1/2-1/2

[Event "China zt 3.5 2014"]
[Site "Zhongshan CHN"]
[Date "2014.10.28"]
[Round "3.6"]
[White "Wan, Yunguo"]
[Black "Fang, Yan"]
[Result "1/2-1/2"]
[WhiteTitle "IM"]
[WhiteElo "2489"]
[BlackElo "2267"]
[WhiteFideId "8603189"]
[BlackFideId "8604746"]
[EventDate "2014.10.26"]

1. e4 c5 2. Nf3 Nc6 3. d4 cxd4 4. Nxd4 Nf6 5. Nc3 d6 6. Bg5 Qb6 7. Nb3 e6 8.
Bxf6 gxf6 9. Be2 a6 10. Bh5 Ne5 11. Qe2 Qc7 12. f4 Nc4 13. f5 Nxb2 14. Qf3 Qc4
15. Nd2 Qd4 16. Rb1 Nc4 17. Nxc4 Qxc4 18. fxe6 Bxe6 19. Rxb7 Bg7 20. Ne2 O-O 21.
O-O Rab8 22. Rxb8 Rxb8 23. Kh1 Qxc2 24. Nd4 Qxa2 25. Nxe6 Qxe6 26. Qa3 Qxe4 27.
Qxd6 1/2-1/2

[Event "China zt 3.5 2014"]
[Site "Zhongshan CHN"]
[Date "2014.10.28"]
[Round "3.7"]
[White "Xu, Zhihang"]
[Black "Ma, Zhonghan"]
[Result "1/2-1/2"]
[WhiteElo "2119"]
[BlackElo "2471"]
[WhiteFideId "8611572"]
[BlackFideId "8607206"]
[EventDate "2014.10.26"]

1. Nf3 Nf6 2. d4 e6 3. g3 c5 4. Bg2 d5 5. O-O Bd7 6. c4 dxc4 7. Na3 Bc6 8. Nxc4
Nbd7 9. Bf4 cxd4 10. Qxd4 Bc5 11. Nd6+ Ke7 12. Qd2 Nb6 13. Rad1 Nbd5 14. Nc4 Re8
15. Qc2 Qc8 16. Be5 Bb5 17. b3 Rd8 18. Qb2 Bxc4 19. bxc4 Nb6 20. Qb5 Rxd1 21.
Rxd1 a6 22. Qb3 Nxc4 23. e3 Nb6 24. Rc1 Nbd7 25. Bd4 b6 26. Bxc5+ bxc5 27. Nd4
Kf8 28. Bb7 Qe8 29. Nc6 Rc8 30. Qd3 g6 31. Qd6+ Kg7 32. Bxc8 Qxc8 33. Ne5 h5 34.
Nxd7 Nxd7 35. Rd1 Nf6 36. Qe5 Qc6 37. Rc1 Qa4 38. Qb2 h4 39. Qc2 Qg4 40. Qxc5 h3
41. Qc4 Qf3 42. Qf1 Ne4 43. Rd1 g5 44. Rd4 g4 1/2-1/2

[Event "China zt 3.5 2014"]
[Site "Zhongshan CHN"]
[Date "2014.10.28"]
[Round "3.8"]
[White "Jia, Haoxiang"]
[Black "Dai, Changren"]
[Result "1/2-1/2"]
[WhiteTitle "IM"]
[WhiteElo "2424"]
[BlackElo "2283"]
[WhiteFideId "8602999"]
[BlackFideId "8608156"]
[EventDate "2014.10.26"]

1. d4 Nf6 2. Nf3 g6 3. g3 Bg7 4. Bg2 O-O 5. c4 d6 6. O-O Nc6 7. Nc3 a6 8. h3 Bd7
9. e4 e5 10. dxe5 Nxe5 11. Nxe5 dxe5 12. Be3 Be6 13. Qe2 Nd7 14. Rfd1 c6 15. b3
f5 16. Bc5 Rf7 17. Bd6 f4 18. Rd3 Qg5 19. Rad1 Nf8 20. Na4 Re8 21. Nb6 h5 22.
Bb4 Qf6 23. g4 hxg4 24. hxg4 Qh4 25. f3 Bf6 26. Kf1 Nh7 27. Qf2 Qh6 28. Nd7 Bh4
29. Qg1 Qg7 30. Nb6 Be7 31. Bxe7 Rfxe7 32. Rd8 Qf8 33. R8d6 Ng5 34. Qf2 Kg7 35.
Qb2 Bxg4 36. Qf2 Be6 37. Nd7 Bxd7 38. Rxd7 Rxd7 39. Rxd7+ Re7 40. Rd6 Nf7 41.
Rd1 Qc8 42. Ke2 Qe6 43. Qh4 Re8 44. Bh3 Qf6 45. Qxf6+ Kxf6 46. c5 Rh8 47. Bg4
Rh2+ 48. Kd3 Rxa2 49. Kc3 a5 50. Rd7 Nh6 51. Rd6+ Kg5 52. Bc8 a4 53. bxa4 Ra3+
54. Kb4 Rxf3 55. Bxb7 Rf1 56. Bxc6 f3 57. Bb5 Rb1+ 58. Ka5 f2 59. c6 Rxb5+ 60.
axb5 f1=Q 61. c7 Qh3 62. Rd8 Qa3+ 63. Kb6 Qe3+ 64. Ka6 Qa3+ 65. Kb6 Qe3+ 1/2-1/2

[Event "China zt 3.5 2014"]
[Site "Zhongshan CHN"]
[Date "2014.10.28"]
[Round "3.9"]
[White "Zhao, Yuanhe"]
[Black "Wang, Yiye"]
[Result "1-0"]
[BlackTitle "IM"]
[WhiteElo "2091"]
[BlackElo "2422"]
[WhiteFideId "8609497"]
[BlackFideId "8606021"]
[EventDate "2014.10.26"]

1. d4 Nf6 2. c4 e6 3. g3 d5 4. Nf3 Be7 5. Bg2 O-O 6. Qc2 c6 7. O-O b6 8. Nbd2
Bb7 9. e4 Na6 10. e5 Nd7 11. cxd5 cxd5 12. a3 Rc8 13. Qb1 Nab8 14. b4 Qc7 15. b5
Qc2 16. a4 Qxb1 17. Nxb1 Rc2 18. Na3 Rc3 19. Nb1 Rc2 20. Ba3 Bxa3 21. Nxa3 Rc3
22. Rfc1 Rfc8 23. Rxc3 Rxc3 24. Ne1 g5 25. f4 gxf4 26. gxf4 Nf8 27. Bf1 Ng6 28.
Ng2 Nd7 29. Kf2 Ndf8 30. Ke1 Ne7 31. Kd2 Rf3 32. Be2 Rh3 33. Nc2 Nf5 34. Nge3
Rxh2 35. Ng4 Rg2 36. Nge3 Rh2 37. Ng4 Rg2 38. Nce3 Rxe2+ 39. Kxe2 Nxd4+ 40. Kd3
Nb3 41. Nf6+ Kh8 42. Ra3 Nc5+ 43. Kd4 Ng6 44. Ng2 Ne4 45. a5 Ne7 46. Nh4 bxa5
47. Rxa5 a6 48. Nxe4 dxe4 49. Rxa6 Bxa6 50. bxa6 Kg7 51. Kc5 Nc8 52. Kc6 Na7+
53. Kb6 Nc8+ 54. Kb7 1-0

[Event "China zt 3.5 2014"]
[Site "Zhongshan CHN"]
[Date "2014.10.28"]
[Round "3.10"]
[White "Lin, Yi"]
[Black "Bai, Jinshi"]
[Result "1-0"]
[BlackTitle "IM"]
[WhiteElo "2013"]
[BlackElo "2406"]
[WhiteFideId "8609659"]
[BlackFideId "8602280"]
[EventDate "2014.10.26"]

1. d4 Nf6 2. c4 e6 3. g3 c5 4. d5 exd5 5. cxd5 b5 6. Nf3 Bb7 7. e4 Nxe4 8. Bxb5
Qa5+ 9. Nbd2 Nxg3 10. hxg3 Qxb5 11. Ne4 Be7 12. Nc3 Qa6 13. Bf4 O-O 14. Ne5 g6
15. Qg4 Qf6 16. O-O-O Qf5 17. Qxf5 gxf5 18. Rh5 f6 19. Nc4 Na6 20. Rxf5 Rae8 21.
a3 Bc8 22. Rh5 f5 23. Rdh1 Rf7 24. Ne5 Rg7 25. Bh6 Rg6 26. Nxg6 hxg6 27. R5h2
Bf6 28. Bd2 Nc7 29. Rh6 Kf7 30. Rh7+ Kg8 31. d6 Ne6 32. Nd5 Bg7 33. Ne7+ Kf7 34.
Bc3 Nd4 35. R1h6 Ne2+ 36. Kd2 Nxc3 37. bxc3 g5 38. Nxf5 Rg8 39. Ne7 Bb7 40. Ke3
Bc6 41. Rg6 Ba4 42. Rxg5 Bc2 43. Rh4 Bd4+ 44. cxd4 Rxg5 45. d5 Re5+ 46. Kd2 Bb3
47. Kc3 c4 48. Rh7+ Ke8 49. g4 a5 50. Kd4 Rg5 51. f3 Bd1 52. Rh3 Be2 53. Rh5
Rxh5 54. gxh5 Kf7 55. h6 Bxf3 56. Kxc4 Be4 57. Kb5 Kf6 58. Kxa5 Ke5 59. Nc8 Kxd5
60. Kb6 Ke6 61. a4 Kf7 62. a5 Kg6 63. a6 Kxh6 64. a7 Kg6 65. Kc7 Kf6 66. Nb6 Ke6
67. a8=Q Bxa8 68. Nxa8 1-0

[Event "China zt 3.5 2014"]
[Site "Zhongshan CHN"]
[Date "2014.10.28"]
[Round "3.11"]
[White "Ju, Wenjun"]
[Black "Li, Hanbin"]
[Result "1/2-1/2"]
[WhiteTitle "WGM"]
[WhiteElo "2582"]
[BlackElo "2257"]
[WhiteFideId "8603006"]
[BlackFideId "8602670"]
[EventDate "2014.10.26"]

1. d4 d5 2. c4 c6 3. Nf3 Nf6 4. Nc3 dxc4 5. a4 Bf5 6. Nh4 Bd7 7. e4 e5 8. Nf3
Bg4 9. dxe5 Qxd1+ 10. Kxd1 Nfd7 11. Bf4 Bc5 12. Bxc4 Bxf2 13. Rf1 Bxf3+ 14. gxf3
Bd4 15. e6 fxe6 16. Bxe6 Nc5 17. Bc4 Nbd7 18. Kc2 Ne5 19. Be2 Ne6 20. Bg3 g5 21.
f4 gxf4 22. Bh5+ Ng6 23. Bxf4 Nxf4 24. Rxf4 Ke7 25. Rf5 Rhf8 26. Raf1 Rad8 27.
Ne2 Bh8 28. Ng3 Rxf5 29. exf5 Ne5 30. Be2 Bf6 31. Rf4 c5 32. Re4 b6 33. b3 Rd7
34. Bb5 Rd4 35. Re2 Rf4 36. Bd3 Rd4 37. Ba6 Rd8 38. Ne4 Rd4 39. Bb5 Rd8 40. Ba6
Rd4 41. Nc3 Kf8 42. Nb5 Nc6 43. Nxd4 Nxd4+ 44. Kd2 Nxe2 45. Kxe2 Ke7 46. Kf3 Bd4
47. Ke4 Kf6 48. Bd3 a5 49. Kd5 h6 50. Kc6 Bc3 51. Bc2 c4 52. bxc4 Bd4 1/2-1/2

[Event "China zt 3.5 2014"]
[Site "Zhongshan CHN"]
[Date "2014.10.28"]
[Round "3.12"]
[White "Bao, Qilin"]
[Black "Wang, Chen"]
[Result "1-0"]
[BlackTitle "IM"]
[WhiteElo "2249"]
[BlackElo "2508"]
[WhiteFideId "8605750"]
[BlackFideId "8601020"]
[EventDate "2014.10.26"]

1. d4 Nf6 2. c4 e6 3. Nf3 b6 4. a3 Bb7 5. Nc3 Bxf3 6. exf3 Be7 7. Bd3 c6 8. O-O
O-O 9. d5 Qc7 10. Bg5 Re8 11. Rc1 Kh8 12. Qd2 Qd8 13. Bf4 Nh5 14. Be3 f5 15. Bc2
g6 16. g4 Nf6 17. h3 Bf8 18. Rcd1 Qe7 19. Rfe1 Qf7 20. Bd4 Bg7 21. Be5 Na6 22.
b4 fxg4 23. dxc6 d6 24. Qxd6 gxh3 25. Ne4 Nxe4 26. Bxe4 Re7 27. Bxg7+ Kxg7 28.
Qe5+ Kg8 29. Rd6 Qg7 30. Qg5 Rae8 31. Red1 Nc7 32. Rd8 e5 33. R1d7 1-0

[Event "China zt 3.5 2014"]
[Site "Zhongshan CHN"]
[Date "2014.10.28"]
[Round "3.13"]
[White "Lin, Chen"]
[Black "Li, Di"]
[Result "1-0"]
[WhiteTitle "IM"]
[BlackTitle "FM"]
[WhiteElo "2463"]
[BlackElo "2189"]
[WhiteFideId "8602298"]
[BlackFideId "8607508"]
[EventDate "2014.10.26"]

1. e4 c5 2. Nf3 e6 3. d4 cxd4 4. Nxd4 Nc6 5. Nc3 Qc7 6. Be2 a6 7. O-O Nf6 8. Be3
Be7 9. f4 d6 10. Qe1 O-O 11. Qg3 Nxd4 12. Bxd4 b5 13. a3 Bb7 14. Kh1 Rad8 15.
Bd3 Rd7 16. Rae1 Re8 17. Re2 Qd8 18. Nd1 Bf8 19. Bc3 e5 20. Qh3 h6 21. Nf2 Bc8
22. Ng4 Nxg4 23. Qxg4 Rc7 24. f5 Qg5 25. Qxg5 hxg5 26. Ba5 Rb7 27. c3 Be7 28.
Bc2 Bd8 29. Bxd8 Rxd8 30. Bb3 Rc7 31. Bd5 Bb7 32. Rd1 Bxd5 33. Rxd5 Kf8 34. g3
Ke7 35. Kg2 Rc5 36. Red2 Rxd5 37. Rxd5 Rc8 38. Kf3 Rc4 39. h3 Kd7 40. Rd3 Kc6
41. Rd5 a5 42. Ke3 a4 43. h4 g4 44. h5 f6 45. Rd2 Kc5 46. Rh2 d5 47. exd5 Kxd5
48. h6 gxh6 49. Rxh6 Re4+ 50. Kd2 Rc4 51. Ke3 Re4+ 52. Kf2 Kc4 53. Rxf6 Kb3 54.
Rc6 Kxb2 55. f6 b4 56. f7 bxa3 57. f8=Q a2 58. Rb6+ 1-0

[Event "China zt 3.5 2014"]
[Site "Zhongshan CHN"]
[Date "2014.10.28"]
[Round "3.14"]
[White "Zhang, Xiaopeng"]
[Black "Liu, Yan"]
[Result "1-0"]
[WhiteElo "2228"]
[BlackElo "2364"]
[WhiteFideId "8604037"]
[BlackFideId "8608962"]
[EventDate "2014.10.26"]

1. e4 c5 2. Nf3 d6 3. d4 cxd4 4. Nxd4 Nf6 5. Nc3 a6 6. Be3 e5 7. Nb3 Be7 8. Qd2
Nbd7 9. O-O-O b5 10. f3 Bb7 11. g4 b4 12. Ne2 a5 13. g5 Nh5 14. Kb1 Qc7 15. Bh3
Nb6 16. Bxb6 Qxb6 17. Bg4 a4 18. Nbd4 exd4 19. Bxh5 b3 20. cxb3 axb3 21. a3 O-O
22. Qxd4 Qb5 23. Nc3 Qxg5 24. Rhg1 Qh6 25. h3 g6 26. Bg4 Rfd8 27. Rc1 Bg5 28.
Rce1 Bf4 29. Nd5 Be5 30. Qd3 Qg7 31. Rg2 Bxd5 32. Qxd5 Qf6 33. Rd1 Kf8 34. f4
Qxf4 35. Be2 Ra4 36. Rg4 Qf6 37. Rf1 Qg7 38. Bc4 Ra7 39. Rg2 g5 40. Rxg5 Qxg5
41. Rxf7+ Ke8 42. Qe6+ Re7 43. Bb5+ Rd7 44. Bxd7+ Kd8 45. Rf8+ Kc7 46. Qc4+ Kxd7
47. Qc8# 1-0

[Event "China zt 3.5 2014"]
[Site "Zhongshan CHN"]
[Date "2014.10.28"]
[Round "3.15"]
[White "Liu, Guanchu"]
[Black "Yu, Kaifeng"]
[Result "1/2-1/2"]
[WhiteTitle "IM"]
[BlackTitle "FM"]
[WhiteElo "2409"]
[BlackElo "2123"]
[WhiteFideId "8603901"]
[BlackFideId "8609667"]
[EventDate "2014.10.26"]

1. e4 c5 2. Nf3 d6 3. c3 Nf6 4. Be2 e6 5. O-O Be7 6. d3 Nc6 7. Nbd2 O-O 8. a3 b6
9. b4 a6 10. Re1 h6 11. Bf1 e5 12. Bb2 Be6 13. Rc1 d5 14. exd5 Nxd5 15. Nxe5
Nxe5 16. Rxe5 cxb4 17. axb4 Bf6 18. Re1 Nxb4 19. d4 Nc6 20. Ne4 b5 21. Qf3 Be7
22. Ng3 Qd7 23. Bd3 Rfd8 24. Nf5 Bf8 25. Ra1 b4 26. Be4 Bd5 27. cxb4 Nxb4 28.
Ne3 Bxe4 29. Qxe4 1/2-1/2

[Event "China zt 3.5 2014"]
[Site "Zhongshan CHN"]
[Date "2014.10.28"]
[Round "3.16"]
[White "Chu, Wei Chao"]
[Black "Xiang, Zeyu"]
[Result "1/2-1/2"]
[WhiteTitle "IM"]
[WhiteElo "2369"]
[BlackElo "2107"]
[WhiteFideId "8605661"]
[BlackFideId "8608547"]
[EventDate "2014.10.26"]

1. d4 Nf6 2. c4 g6 3. Nc3 d5 4. cxd5 Nxd5 5. e4 Nxc3 6. bxc3 Bg7 7. Bc4 c5 8.
Ne2 O-O 9. O-O Qa5 10. Be3 Nd7 11. Rb1 Nb6 12. Bb3 cxd4 13. cxd4 Bd7 14. Nf4
Rac8 15. h4 Nc4 16. Nd5 Nxe3 17. fxe3 Qd8 18. e5 Bf5 19. Rc1 Rxc1 20. Qxc1 e6
21. Nf6+ Bxf6 22. exf6 Qxf6 23. g4 Qxh4 24. gxf5 Qg3+ 25. Kh1 Qh3+ 26. Kg1 Qg3+
27. Kh1 Qh3+ 28. Kg1 Qg3+ 29. Kh1 Qh3+ 30. Kg1 Qg3+ 31. Kh1 1/2-1/2

[Event "China zt 3.5 2014"]
[Site "Zhongshan CHN"]
[Date "2014.10.28"]
[Round "3.17"]
[White "Wang, Jue"]
[Black "Teng, Jiarong"]
[Result "1-0"]
[WhiteTitle "WGM"]
[WhiteElo "2353"]
[BlackElo "2092"]
[WhiteFideId "8604070"]
[BlackFideId "8609977"]
[EventDate "2014.10.26"]

1. e4 c5 2. Nf3 Nc6 3. d4 cxd4 4. Nxd4 g6 5. c4 Nf6 6. Nc3 Nxd4 7. Qxd4 d6 8. f3
Bg7 9. Be3 O-O 10. Qd2 a5 11. b3 a4 12. b4 Be6 13. Rc1 Nd7 14. Nb5 Rc8 15. Na3
f5 16. exf5 Bxf5 17. Be2 Ne5 18. O-O Kh8 19. Rfd1 Qe8 20. b5 Nd7 21. Nc2 Nc5 22.
Nd4 Qf7 23. Bf1 Rfd8 24. Bf2 Re8 25. Nxf5 Qxf5 26. Qd5 Qxd5 27. cxd5 Nd7 28. b6
Bb2 29. Rb1 a3 30. Bb5 Rcd8 31. Re1 Kg7 32. Re2 Kf6 33. Rc2 Rf8 34. Rc7 Nc5 35.
Re1 Be5 36. f4 Bxf4 37. Rexe7 h6 38. g3 Bd2 39. Bd4+ Kf5 40. Re2 Ba5 41. Rce7
Bxb6 42. h3 Na4 43. Bd3+ Kg5 44. Bxb6 Nxb6 45. R2e6 Rg8 46. Rxb7 Nd7 47. h4+ Kg4
48. Kg2 Rb8 49. Rxd7 Rb2+ 50. Be2+ 1-0